| 000 | 01175 a2200217 4500 | ||
|---|---|---|---|
| 001 | 37604 | ||
| 005 | 20260407155643.0 | ||
| 008 | 260407a1965 arg spa d | ||
| 003 | AR-UNSa-BCEJYS | ||
| 040 |
_aAR-UNSa-BCEJYS _bspa _cAR-UNSa-BCEJYS |
||
| 080 |
_a517.1 _xIntroducción al análisis. (Cálculo) |
||
| 245 | 1 | 0 | _aCálculo diferencial e integral |
| 264 | 1 |
_aMéxico : _bLimusa-Wiley _c1965 |
|
| 300 |
_a867 p. _c23 cm. |
||
| 505 | _a1. Relaciones y funciones - 2. Límites y continuidad - 3. Derivadas - 4. Algunas aplicaciones de las derivadas - 5. Integrales definidas - 6. Funciones trascendentes - 7. Integración indefinida - 8. Aplicaciones adicionales de la derivación e integración - 9. Geometría analítica del espacio - 10. Funciones en diferentes variables independientes. Derivación parcial - 11. Integrales múltiples - 12. Aplicaciones de la integración a problemas de la física - 13. Reglas de L`Hopital. Asíntotas. Integrales generalizadas - 14. Sucesiones infinitas y series - 15. Aproximaciones | ||
| 041 | _aspa | ||
| 942 | _cBK | ||
| 590 | _aniveau_biblio:m niveau_hierar:0 | ||
| 100 | 1 | _aTaylor, Howard E. | |
| 700 | 1 | _aWade, Thomas L. | |
| 999 |
_c2776 _d2776 |
||